Researching organizations :the practice of organizational fieldwork

Guardat en:
Dades bibliogràfiques
Autor principal: Jones, Mathew
Format: Llibre
Idioma:anglès
Publicat: Sage 2014
Etiquetes: Afegir etiqueta
Sense etiquetes, Sigues el primer a etiquetar aquest registre!

MARC

LEADER 00000nam a22000007a 4500
008 201207b ||||| |||| 00| 0 eng d
020 |a 9781446257227 
100 |a Jones, Mathew 
245 |a Researching organizations  |b :the practice of organizational fieldwork  |c  by Mathew Jones  |g xiii, 221p. 
260 |b Sage  |c 2014  |h Los Angeles  |i 692026  |i 692027  |l HD30.4.J73  |m Organization-- Reaserch --Methodology 
500 |a "include reference 
942 |a lcc  |c BK  |e a.r.aKINNIYI  |f 7/12/2020 
952 |0 0  |1 0  |2 lcc  |4 0  |7 0  |9 135  |a HOL  |b HOL  |c GJ  |d 2020-12-07  |o HD30.4 .J73  |p 2020-0091  |r 2020-12-07 00:00:00  |w 2020-12-07  |y BK 
952 |0 0  |1 0  |2 lcc  |4 0  |6 HD00304 J73  |7 0  |9 175  |a HOL  |b SSL  |c GJ  |d 2020-12-08  |l 0  |o HD30.4 .J73  |p 2020-0123  |r 2020-12-08 00:00:00  |w 2020-12-08  |y BK 
952 |0 0  |1 0  |2 lcc  |4 0  |6 HD00304 J73  |7 0  |9 3911  |a HOL  |b HOL  |c GJ  |d 2021-11-23  |l 0  |o HD30.4.J73  |p 2021-67636  |r 2021-11-23 00:00:00  |w 2021-11-23  |y BK 
999 |c 47  |d 47